UK Towns Quiz - Mid and East Antrim - Northern Ireland - Statistics

General Stats
  • This quiz has been taken 40 times
  • The average score is 5 of 12
Answer Stats
Clue Town Population % Correct
B Ballymena 29,467
100%
L Larne 18,705
88%
C Carrickfergus 27,903
82%
B Broughshane 2,851
47%
C Cullybackey 2,569
41%
W Whitehead 3,786
29%
A Ahoghill 3,403
24%
K Kells 2,053
24%
P Portglenone 1,174
24%
B Ballycarry 1,371
12%
G Greenisland 5,484
12%
C Carnlough 1,512
6%
No matching quizzes found
Score Distribution
Percent of People with Each Score
Percentile by Number Answered
Your Score History
You have not taken this quiz